Tài liệu chuyên Vật lí : Vật lí 11
Quyển sách trình bày kiến thức phần Điện học gồm 5 chương tương ứng với 28 bài học. Cuối mỗi bài học đều có câu hỏi và bài tập dạng trắc nghiệm và tự luận có đáp án. Mục đích giúp cho giáo viên và học sinh chuẩn bị tốt cho các kì th...
محفوظ في:
| المؤلف الرئيسي: | |
|---|---|
| التنسيق: | كتاب |
| اللغة: | Undetermined |
| منشور في: |
Tp. Hồ Chí Minh
Giáo dục Việt Nam
2012
|
| الموضوعات: | |
| الوسوم: |
إضافة وسم
لا توجد وسوم, كن أول من يضع وسما على هذه التسجيلة!
|
| Thư viện lưu trữ: | Trung tâm Học liệu Trường Đại học Cần Thơ |
|---|
| LEADER | 01308nam a2200229Ia 4500 | ||
|---|---|---|---|
| 001 | CTU_184867 | ||
| 008 | 210402s9999 xx 000 0 und d | ||
| 020 | |c 47000 | ||
| 082 | |a 530.0712 | ||
| 082 | |b Kh308/T.1 | ||
| 100 | |a Vũ, Thanh Khiết | ||
| 245 | 0 | |a Tài liệu chuyên Vật lí : | |
| 245 | 0 | |b Vật lí 11 | |
| 245 | 0 | |c Vũ Thanh Khiết, Nguyễn Thế Khôi | |
| 260 | |a Tp. Hồ Chí Minh | ||
| 260 | |b Giáo dục Việt Nam | ||
| 260 | |c 2012 | ||
| 520 | |a Quyển sách trình bày kiến thức phần Điện học gồm 5 chương tương ứng với 28 bài học. Cuối mỗi bài học đều có câu hỏi và bài tập dạng trắc nghiệm và tự luận có đáp án. Mục đích giúp cho giáo viên và học sinh chuẩn bị tốt cho các kì thi chọn học sinh giỏi cấp tỉnh, thành phố và cấp quốc gia, đạt kết quả tốt trong các kì xét tuyển vào các trường Đại học, Cao đẳng. | ||
| 650 | |a Physics,Vật lý | ||
| 650 | |x Study and teaching (Secondary),Học và giảng dạy (trung học) | ||
| 904 | |i Nguyễn Thị Kiều Oanh | ||
| 980 | |a Trung tâm Học liệu Trường Đại học Cần Thơ | ||